LIBRARY & INFORMATION CENTRE, KCAET, TAVANUR

ONLINE PUBLIC ACCESS CATALOGUE (OPAC)

Anna Karenena / (Record no. 6490)

MARC details
000 -LEADER
fixed length control field 00407cam a2200169ua 4500
041 ## - LANGUAGE CODE
Language code of text/sound track or separate title mal
082 ## - DEWEY DECIMAL CLASSIFICATION NUMBER
Classification number 894.812 308
Item number ANN/AN
100 ## - MAIN ENTRY--AUTHOR NAME
Personal name Annie, Thayyil .
245 ## - TITLE STATEMENT
Title Anna Karenena /
260 ## - PUBLICATION, DISTRIBUTION, ETC. (IMPRINT)
Place of publication Kottayam :
Name of publisher National Book Stall ,
Year of publication 1959.
300 ## - PHYSICAL DESCRIPTION
Number of Pages 762 ; .
942 ## - ADDED ENTRY ELEMENTS (KOHA)
Koha item type Books
Holdings
Withdrawn status Lost status Damaged status Home library Current library Date acquired Full call number Accession Number Koha item type Public note
Withdrawn     KAUAET Malayalam University 07/04/2012 894.812 308 8927 Books Transferred to Malayalam University
free website counter